000 00510nam a2200181 a 4500
001 20744
005 20180713214400.0
008 140415s1973 ag 000 0 spa d
041 _aspa
082 _a658.4
_bEJE
245 0 0 _aEJECUTIVOS EMPRESARIOS Y DIRIGENTES
250 _a1a ed.
260 _aARGENTINA :
_bEDICIONES ECONOMIA Y EMPRESA,
_c1973
300 _a303
490 _aLA EMPRESA
_v129
500 _a(COLEC. LA EMPRESA; 129)
650 1 4 _aADMINISTRACION INDUSTRIAL
_xEJECUTIVOS
999 _c20744
_d20744